Chago de Guisa / (Record no. 9844)
[ view plain ]
| 000 -CABECERA | |
|---|---|
| campo de control de longitud fija | 00657cam a2200205 a 4500 |
| 001 - NÚMERO DE CONTROL | |
| campo de control | 000010085 |
| 005 - FECHA Y HORA DE LA ÚLTIMA TRANSACCIÓN | |
| campo de control | 20200929161833.0 |
| 008 - DATOS DE LONGITUD FIJA--INFORMACIÓN GENERAL | |
| campo de control de longitud fija | 910202s1989 cu 000 0 spa |
| 040 ## - FUENTE DE LA CATALOGACIÓN | |
| Centro catalogador/agencia de origen | DO-SdBNP |
| Lengua de catalogación | spa |
| Centro/agencia transcriptor | BNPHU |
| 082 ## - NÚMERO DE LA CLASIFICACIÓN DECIMAL DEWEY | |
| Número de clasificación | Cu862.44 |
| Número de documento/Ítem | F965c |
| 049 ## - FONDOS LOCALES (OCLC) | |
| Fondos de biblioteca | BNGR |
| 100 1# - ENTRADA PRINCIPAL--NOMBRE DE PERSONA | |
| Nombre de persona | Fulleda León, Gerardo, |
| Fechas asociadas al nombre | 1942- |
| 9 (RLIN) | 25064 |
| 245 10 - MENCIÓN DE TÍTULO | |
| Título | Chago de Guisa / |
| Mención de responsabilidad, etc. | Gerardo Fulleda León ; edición Clara Hernández. |
| 260 ## - PUBLICACIÓN, DISTRIBUCIÓN, ETC. | |
| Lugar de publicación, distribución, etc. | La Habana, Cuba : |
| Nombre del editor, distribuidor, etc. | Casa de las Américas, |
| Fecha de publicación, distribución, etc. | 1989. |
| 300 ## - DESCRIPCIÓN FÍSICA | |
| Extensión | 145 p. ; |
| Dimensiones | 19 cm. |
| 586 ## - NOTA DE PREMIOS | |
| Nota de premios | Premio Casa de las Américas, 1989 |
| 650 #4 - PUNTO DE ACCESO ADICIONAL DE MATERIA--TÉRMINO DE MATERIA | |
| Término de materia o nombre geográfico como elemento de entrada | Teatro cubano |
| 9 (RLIN) | 24517 |
| 650 #4 - PUNTO DE ACCESO ADICIONAL DE MATERIA--TÉRMINO DE MATERIA | |
| Término de materia o nombre geográfico como elemento de entrada | Literatura cubana |
| 9 (RLIN) | 1483 |
| 700 1# - PUNTO DE ACCESO ADICIONAL--NOMBRE DE PERSONA | |
| Nombre de persona | Hernández, Clara |
| Término indicativo de función/relación | ed. |
| 9 (RLIN) | 4129 |
| Estado de retiro | Estado de pérdida | Restricciones de uso | No para préstamo | Código de colección | Localización permanente | Ubicación/localización actual | Ubicación en estantería | Fecha de adquisición | Número de inventario | Total de préstamos | Signatura topográfica completa | Código de barras | Fecha visto por última vez | Precio válido a partir de | Tipo de ítem Koha | Número de copia |
|---|---|---|---|---|---|---|---|---|---|---|---|---|---|---|---|---|
| Excluido de préstamo | Monografías: Libros y Folletos | General | General | Depósito | 03.10.2009 | LF1 | Cu862.44 F965c | 10085-10 | 25.06.2020 | 25.06.2020 | No se presta | |||||
| Extraviado | Excluido de préstamo | Monografías: Libros y Folletos | General | General | Extraviado | 03.10.2009 | LF1 | Cu862.44 F965c | 10085-20 | 25.06.2020 | 25.06.2020 | No se presta | e. 2 | |||
| Extraviado | Monografías: Libros y Folletos | General | General | Extraviado | 18.04.2017 | LF1 | Cu862.44 F965c | 10085-30 | 25.06.2020 | 25.06.2020 | Préstamo en sala | e. 3 |
